South Eastern Kenya University

Library Online Public Access Catalogue


The legal environment of business : (Record no. 7057)

MARC details
000 -LEADER
fixed length control field 00396nam a22001337a 4500
020 ## - INTERNATIONAL STANDARD BOOK NUMBER
International Standard Book Number 9780324670790
050 ## - LIBRARY OF CONGRESS CALL NUMBER
Classification number KF 1600
Item number .M4
100 ## - MAIN ENTRY--PERSONAL NAME
Personal name Meiners, Roger E.; Ringleb, Al H.; Edwards, Frances L.
245 ## - TITLE STATEMENT
Title The legal environment of business
Remainder of title Customized for NIU
260 ## - PUBLICATION, DISTRIBUTION, ETC. (IMPRINT)
Place of publication, distribution, etc. US:
Name of publisher, distributor, etc. Centage Learning,
300 ## - PHYSICAL DESCRIPTION
Extent 5989.
650 ## - SUBJECT ADDED ENTRY--TOPICAL TERM
Form subdivision environment law
General subdivision AI.H .Ringleb
942 ## - ADDED ENTRY ELEMENTS (KOHA)
Source of classification or shelving scheme Library of Congress Classification
Koha item type General circulation
Holdings
Withdrawn status Lost status Source of classification or shelving scheme Damaged status Not for loan Home library Current library Shelving location Date acquired Total Checkouts Full call number Barcode Date last seen Price effective from Koha item type
    Library of Congress Classification     Main Campus Library Main Campus Library General Stacks 24/07/2015   KF 1600 .M4 2015/004083 24/07/2015 24/07/2015 General circulation
Kitui, Kenya.
+254736116989
library@seku.ac.ke